000 00716nas a2200217 4500
001 BR9510352
003 BR-BrBNA
005 20231205095706.0
007 ta
008 230509b bl.|||p| |||| 00| 00por d
040 _aBR-BrBNA
_bpor
_cBiblioteca Nacional de Agricultura
041 _a(Pt)
072 _aH10
100 1 _aFonseca, J.P. da
245 1 _aRelacao das principais pragas observadas nos anos de 1931, 1932 e 1933, nas plantas de maior cultivo no estado de S. Paulo
650 _aPraga de Planta
650 _aSao Paulo
773 0 _tArchivos do Instituto Biologico (Brazil)
_xISSN 0020-3653
_g(1934), v. 5 p. 263-289
_wBR9510352
909 _a202311
_bLúcia
_c55
_dLúcia Elande
942 _2AGRIS
_n0
_cANA
999 _c152174
_d152174